La "globalización" al fin del milenio (Registro nro. 52352)
[ vista simple ]
| 000 -LÍDER | |
|---|---|
| Campo fijo de descripción fija | 01609aab a2200193 i 4500 |
| 001 - NÚMERO DE CONTROL | |
| Campo de control | 768714001 |
| 003 - IDENTIFICADOR DEL NÚMERO DE CONTROL | |
| Campo de control | CO-MdFUSB |
| 005 - FECHA Y HORA DE LA ULTIMA TRANSACCIÓN | |
| control field | 20240424112856.0 |
| 008 - ELEMENTOS DE LONGITUD FIJA -- INFORMACIÓN GENERAL | |
| Campo fijo de descripción fija -- Información general | 240424t1998 ck ||||| |||| 00| 0 spa d |
| 040 ## - FUENTE DE CATALOGACIÓN | |
| Idioma de catalogación | spa |
| Agencia que realiza la transcripción | CO-MdFUSB |
| 041 ## - CÓDIGO DE IDIOMA | |
| Código de idioma para texto/pista de sonido o título separado | spa |
| 100 1# - ASIENTO PRINCIPAL--NOMBRE PERSONAL | |
| Nombre personal | Solano, Lilia |
| Término relacionador | autor |
| 245 13 - TÍTULO | |
| Título | La "globalización" al fin del milenio |
| Mención de responsabilidad | / Lilia Solano |
| 300 ## - DESCRIPCIÓN FÍSICA | |
| Extensión | Volumen 18, número 1 y 2 (enero - Julio, 1999), páginas: 25-28 |
| Dimensiones | ; 27 cm |
| 520 ## - NOTA DE RESUMEN, ETC. | |
| Nota de sumario, etc. | Desde la creación del Universo, ya se mueve de un extremo al otro y se piensa que todo se puede lograr. El Antiguo Testamento describe la revelación de Dios que rodea al mundo entero con preocupaciones creativas.<br/><br/>El significado de "Del amanecer al anochecer" se ha convertido en un lenguaje universal. Algunos sociólogos sostienen que nuestra sociedad tiene una historia de varios mundos. Aunque la Gran Comisión parece ser un mandato universal que Jesús dio a sus discípulos. Por ejemplo, en el Antiguo Testamento, muchas personas que no adoran a Dios miran hacia toda la tierra y el profeta predica la palabra de Dios desde ellos. Sin embargo, en nuestra época los efectos del mundo no se pueden evitar.<br/><br/>No es posible separar nuestro proyecto de bienestar humano de nuestras responsabilidades para con el mundo. Tenemos responsabilidades en la vida y nuestro compromiso con la realidad es la vida misma. Si el universo se desequilibra, también lo hace la humanidad |
| 653 ## - TÉRMINO DE INDIZACIÓN - NO CONTROLADO | |
| Término no controlado | Globalización |
| 773 0# - ASIENTO DE ITEM FUENTE | |
| Título | Iglesia y Misión |
| Biblionumber | 49402 |
| Itemnumber | 59632 |
| Parte(s) relacionada(s) / Volumen., número. (mes año), páginas | Volumen 18, número 1 y 2 (enero - Julio, 1999), páginas: 25-28 |
| Enumeración y primera página | páginas: 25 |
| 942 ## - TIPO DE MATERIAL (KOHA) | |
| Tipo de Item KOHA | Artículos de Revista |
No hay ítems disponibles.
